Government by the people (Record no. 15100)
[ view plain ]
| 000 -LEADER | |
|---|---|
| fixed length control field | 01239cam a2200373 a 4500 |
| 001 - CONTROL NUMBER | |
| control field | 550124 |
| 003 - CONTROL NUMBER IDENTIFIER | |
| control field | OSt |
| 005 - DATE AND TIME OF LATEST TRANSACTION | |
| control field | 20140310182654.0 |
| 008 - FIXED-LENGTH DATA ELEMENTS--GENERAL INFORMATION | |
| fixed length control field | 881028s1989 njua b 001 0 eng |
| 010 ## - LIBRARY OF CONGRESS CONTROL NUMBER | |
| LC control number | 88039178 |
| 020 ## - INTERNATIONAL STANDARD BOOK NUMBER | |
| International Standard Book Number | 013360876X |
| 040 ## - CATALOGING SOURCE | |
| Original cataloging agency | DLC |
| Transcribing agency | DLC |
| Modifying agency | DLC |
| 043 ## - GEOGRAPHIC AREA CODE | |
| Geographic area code | n-us--- |
| 050 00 - LIBRARY OF CONGRESS CALL NUMBER | |
| Classification number | JK 274 |
| Item number | .B967 1989 |
| 082 00 - DEWEY DECIMAL CLASSIFICATION NUMBER | |
| Classification number | M 320.973 |
| -- | 21 |
| Item number | B93 1989 |
| 100 1# - MAIN ENTRY--PERSONAL NAME | |
| Personal name | Burns, James MacGregor. |
| 245 10 - TITLE STATEMENT | |
| Title | Government by the people |
| Statement of responsibility, etc | Burns, James MacGregor |
| 250 ## - EDITION STATEMENT | |
| Edition statement | 13th alternate ed., national, state, and local version |
| 260 ## - PUBLICATION, DISTRIBUTION, ETC. (IMPRINT) | |
| Place of publication, distribution, etc | Englewood Cliffs, N.J. |
| Name of publisher, distributor, etc | Prentice Hall |
| Date of publication, distribution, etc | c1989 |
| 300 ## - PHYSICAL DESCRIPTION | |
| Extent | xii, 786 p. |
| Other physical details | ill. (some col.) |
| Dimensions | 26 cm. |
| 500 ## - GENERAL NOTE | |
| General note | Maps on lining papers. |
| 504 ## - BIBLIOGRAPHY, ETC. NOTE | |
| Bibliography, etc | Includes bibliographical references and index. |
| 521 ## - TARGET AUDIENCE NOTE | |
| Target audience note | |
| 526 ## - STUDY PROGRAM INFORMATION NOTE | |
| Reading level | 1210L to 1700L |
| 541 ## - IMMEDIATE SOURCE OF ACQUISITION NOTE | |
| -- | 1 |
| 562 ## - COPY AND VERSION IDENTIFICATION NOTE | |
| Number of copies | for circulation. 1 copy available in the collection |
| 650 #0 - SUBJECT ADDED ENTRY--TOPICAL TERM | |
| Topical term or geographic name as entry element | State governments |
| General subdivision | United States. |
| 650 #0 - SUBJECT ADDED ENTRY--TOPICAL TERM | |
| Topical term or geographic name as entry element | Local government |
| Geographic subdivision | United States. |
| 651 #0 - SUBJECT ADDED ENTRY--GEOGRAPHIC NAME | |
| Geographic name | United States |
| General subdivision | Politics and government. |
| 700 1# - ADDED ENTRY--PERSONAL NAME | |
| Personal name | Peltason, J. W. |
| Fuller form of name | (Jack Walter), |
| Dates associated with a name | 1923- |
| 700 1# - ADDED ENTRY--PERSONAL NAME | |
| Personal name | Cronin, Thomas E. |
| 906 ## - LOCAL DATA ELEMENT F, LDF (RLIN) | |
| a | 7 |
| b | cbc |
| c | orignew |
| d | 1 |
| e | ocip |
| f | 19 |
| g | y-gencatlg |
| 942 ## - ADDED ENTRY ELEMENTS (KOHA) | |
| Source of classification or shelving scheme | Library of Congress Classification |
| Koha item type | Books |
| Call number prefix | |
| Withdrawn status | Lost status | Source of classification or shelving scheme | Damaged status | Home library | Current library | Shelving location | Date acquired | Source of acquisition | Total Checkouts | Full call number | Barcode | Date last seen | Copy number | Price effective from | Koha item type |
|---|---|---|---|---|---|---|---|---|---|---|---|---|---|---|---|
| Library of Congress Classification | Archives | Archives | 04/18/2012 | Donation | JK 274 .B967 1989 | C2380 | 05/15/2018 | 1 | 04/18/2012 | Books |